000 00382nam a22001697a 4500
003 NUST
020 _a9788131518120
038 _aKhadija
082 _a629.83
_bMAN
100 _aManik, Dhanesh
_984518
245 _aControl Systems/
_cDhanesh N. Manik
260 _aNew Delhi
_bCengage
_c2012.
300 _a604 p. ;
500 _aPaperback.
563 _aPB
942 _cBK
_2ddc
999 _c33137
_d33137